| 000 | 00881nas a2200289 4500 | ||
|---|---|---|---|
| 001 | BR0001161 | ||
| 003 | BR-BrBNA | ||
| 005 | 20231205101722.0 | ||
| 007 | ta | ||
| 008 | 230509b bl.|||p| |||| 00| 00por d | ||
| 040 |
_aBR-BrBNA _bpor _cBiblioteca Nacional de Agricultura |
||
| 041 | _a(Pt) | ||
| 072 | _aL50 | ||
| 100 | 1 | _aTutida, L. | |
| 100 | 1 | _aBarbosa, O.R. | |
| 100 | 1 | _aMartins, E.N. | |
| 100 | 1 | _aMacedo, F. de A.F. de | |
| 100 | 1 | _aRoman, M.J. da R. | |
| 100 | 1 | _aSimonelli, S.M. | |
| 245 | 1 | _aInfluencia das estacoes do ano na temperatura retal e frequencia respiratoria de carneiros | |
| 650 | _aCarneiro | ||
| 650 | _aRespiracao | ||
| 650 | _aEstacao do Ano | ||
| 773 | 0 |
_tRevista Brasileira de Zootecnia (Brazil) _xISSN 1516-3598 _g(Sep-Oct 1999), v. 28(5) p. 1133-1140 _wBR0001161 |
|
| 909 |
_a202311 _bLúcia _c55 _dLúcia Elande |
||
| 942 |
_2AGRIS _n0 _cANA |
||
| 999 |
_c163468 _d163468 |
||